Improved Stein-rules estimator for regression problems (Registro nro. 26188)
[ vista simple ]
| 000 -LEADER | |
|---|---|
| fixed length control field | 00338 a2200109 4500 |
| 001 - CONTROL NUMBER | |
| control field | ART_12210 |
| 005 - DATE AND TIME OF LATEST TRANSACTION | |
| control field | 20260410161904.0 |
| 008 - FIXED-LENGTH DATA ELEMENTS--GENERAL INFORMATION | |
| fixed length control field | 260409a |
| 100 1# - MAIN ENTRY--PERSONAL NAME | |
| Personal name | Vinod, H.D. |
| 245 10 - TITLE STATEMENT | |
| Title | Improved Stein-rules estimator for regression problems |
| 773 0# - HOST ITEM ENTRY | |
| Title | Journal of econometrics |
| Related parts | - Vol. 12, Nº 2 (feb. 1980) |
| Record control number | REV11720 |
No hay ítems disponibles.